000 00514nam a2200169 i 4500
001 89516
003 ES-MaACL
005 20230906180214.0
007 t|
008 050111s1961 sp ||||1| spa d
100 1 _aLasheras Esteban, José María.
_970438
245 1 0 _aIncubación y explotación industrial de los polluelos /
_cpor José María Lasheras.
250 _a2ª ed.
260 _aBarcelona :
_bAedos,
_c[1961]
300 _a104 p., 11 lám. :
_bil. ;
_c20 cm.
852 _aES-MaACL
_jC-20677
_bR.49406
999 _c89516
_d89516